书目信息 |
| 题名: |
当代物理实验手册
|
|
| 作者: | 沙振舜 , 周进 , 周非 编著 | |
| 分册: | ||
| 出版信息: | 南京 南京大学出版社 2012.01 |
|
| 页数: | 10, 600页 | |
| 开本: | 27cm | |
| 丛书名: | ||
| 单 册: | ||
| 中图分类: | O4-33 | |
| 科图分类: | ||
| 主题词: | 物理学--wu li xue--实验--手册 | |
| 电子资源: | ||
| ISBN: | 978-7-305-09139-1 | |
| 000 | 00892nam0 2200265 450 | |
| 001 | 0100028348 | |
| 005 | 20211025120158.0 | |
| 010 | @a978-7-305-09139-1@b精装@dCNY88.00 | |
| 100 | @a20120322d2012 em y0chiy50 ea | |
| 101 | 0 | @achi |
| 102 | @aCN@b320000 | |
| 105 | @aak a 000yy | |
| 106 | @ar | |
| 200 | 1 | @a当代物理实验手册@Adang dai wu li shi yan shou ce@f沙振舜, 周进, 周非编著 |
| 210 | @a南京@c南京大学出版社@d2012.01 | |
| 215 | @a10, 600页@c图@d27cm | |
| 320 | @a有书目 (第597-600页) | |
| 330 | @a本书内容包括: 物理实验基础知识 ; 测量误差 ; 物理实验基本测量方法和调节技术 ; 普通物理实验 ; 近代物理实验 ; 计算机仿真实验等。 | |
| 606 | 0 | @a物理学@Awu li xue@x实验@j手册 |
| 690 | @aO4-33@v5 | |
| 701 | 0 | @a沙振舜@Asha zhen shun@4编著 |
| 701 | 0 | @a周进@Azhou jin@4编著 |
| 701 | 0 | @a周非@Azhou fei@4编著 |
| 801 | 0 | @aCN@c20210909 |
| 905 | @a河南城建学院图书馆@dO4-33@eS068 | |
| 当代物理实验手册/沙振舜, 周进, 周非编著.-南京:南京大学出版社,2012.01 |
| 10, 600页:图;27cm |
| ISBN 978-7-305-09139-1(精装):CNY88.00 |
| 本书内容包括: 物理实验基础知识 ; 测量误差 ; 物理实验基本测量方法和调节技术 ; 普通物理实验 ; 近代物理实验 ; 计算机仿真实验等。 |
| ● |
| 相关链接 |
|
|
|
正题名:当代物理实验手册
索取号:O4-33/S068
 
预约/预借
| 序号 | 登录号 | 条形码 | 馆藏地/架位号 | 状态 | 备注 |
| 1 | 1545184 | 215451847 | 自科库401/401自科库 85排1列4层/ [索取号:O4-33/S068] | 在馆 | |
| 2 | 1545185 | 215451856 | 自科库401/401自科库 85排1列4层/ [索取号:O4-33/S068] | 在馆 | |
| 3 | 1545186 | 215451865 | 自科库401/401自科库 85排1列4层/ [索取号:O4-33/S068] | 在馆 |